Catálogo

Semblanza y realidad a través de la Santísima Virgen del pueblito / (Registro nro. 62502)

Detalles MARC
000 -LEADER
fixed length control field 01031cam a2200289 i 4500
001 - CONTROL NUMBER
control field 62502
003 - CONTROL NUMBER IDENTIFIER
control field Mx-PuUPA
005 - DATE AND TIME OF LATEST TRANSACTION
control field 20230318112236.0
008 - FIXED-LENGTH DATA ELEMENTS--GENERAL INFORMATION
fixed length control field 150430s1997 mx a fr 001 0 spa|d
040 ## - CATALOGING SOURCE
Original cataloging agency Mx-PuUPA
Language of cataloging spa
Transcribing agency Mx-PuUPA
Modifying agency Mx-PuUPA
Description conventions rda
041 0# - LANGUAGE CODE
Language code of text/sound track or separate title spa
100 1# - MAIN ENTRY--PERSONAL NAME
Personal name Frías y Camacho, Ignacio R.
Relator term autor
9 (RLIN) 396
245 10 - TITLE STATEMENT
Title Semblanza y realidad a través de la Santísima Virgen del pueblito /
Statement of responsibility, etc. Ignacio R. Frías y Camacho.
250 ## - EDITION STATEMENT
Edition statement 1a. edición
264 #1 - PRODUCTION, PUBLICATION, DISTRIBUTION, MANUFACTURE, AND COPYRIGHT NOTICE
Place of production, publication, distribution, manufacture Santiago de Querétaro, Querétaro :
Name of producer, publisher, distributor, manufacturer [Editor no identificado],
Date of production, publication, distribution, manufacture, or copyright notice 1997
300 ## - PHYSICAL DESCRIPTION
Extent 99 páginas :
Other physical details ilustraciones (principalmente color) ;
Dimensions 23 cm
336 ## - CONTENT TYPE
Content type term texto
Fuente rdacontent
Content type code txt
337 ## - MEDIA TYPE
Media type term sin medio
Source rdamedia
Media type code n
338 ## - CARRIER TYPE
Carrier type term volumen
Source rdacarrier
Carrier type code nc
490 0# - SERIES STATEMENT
Series statement Colección: Claudio Verrey
600 04 - SUBJECT ADDED ENTRY--PERSONAL NAME
Personal name Virgen María
General subdivision Apariciones y milagros
600 04 - SUBJECT ADDED ENTRY--PERSONAL NAME
Personal name Virgen María
General subdivision Culto
650 #7 - SUBJECT ADDED ENTRY--TOPICAL TERM
Topical term or geographic name entry element Religión
General subdivision Historia
Source of heading or term armarc
942 ## - ADDED ENTRY ELEMENTS (KOHA)
Source of classification or shelving scheme Dewey Decimal Classification
Koha item type Libro
Classification part 232.91
Item part F897
Existencias
Withdrawn status Lost status Source of classification or shelving scheme Damaged status Not for loan Collection code Home library Current library Shelving location Date acquired Source of acquisition Total Checkouts Full call number Barcode Date last seen Price effective from Koha item type
    Dewey Decimal Classification     General Centro de Estudios Guadalupanos Centro de Estudios Guadalupanos Sala general 30/04/2015 Compra   232.91 F897 1997 93832 05/01/2026 30/04/2015 Libro